00377nam a2200157Ia 4500003000400000005001700004008004100021040000700062041000800069082001600077100002300093245003800116260004100154300001000195650001400205OSt20260402105026.0250729s2011 xx 000 0 und d cAL akan a370.25 SOMA aDr.N.T.Somasheakar aAdhunikha bharathada arthashathra aBangalorebChaithra Prakashanac2011 a1046p aEconomics